000 00869am a2200289a 44500
003 AR-BaBNM
005 20251128205053.0
008 301020s1993 #AR|||||||||||000 | spa||
020 _a950-701-151-X
040 _cAR-BaBNM
100 1 _aCharría de Alonso, María Elvira
245 1 0 _aLos primeros pasos en la formación de lectores
250 _a1ª ed.
260 _aBuenos Aires
_bAique
_c1993
_c1992
300 _a78 p.
490 0 _aLa escuela y la formación de lectores autónomos
_vv. 4
504 _aBibliografía: p. 76-78
650 4 _aALFABETIZACION
650 4 _aPROGRAMAS DE ALFABETIZACION
650 4 _aENSEÑANZA DEL VOCABULARIO
650 4 _aENSEÑANZA DE LA EXPRESION ORAL
650 4 _aENSEÑANZA DE LA ESCRITURA
653 _aENSENANZA DE LA LENGUA
700 1 _aCharria de Gómez, María Josefa
942 _cBK
998 _cSILVI
999 _c9865
_d9865